Central Library OPAC University of Rajshahi

Comparative studies on fatty acid composition of domestic and hybrid chickens and their effect on blood parameters in experimental rats / (Record no. 81352)

MARC details
000 -LEADER
fixed length control field 00974nam a22002417a 4500
001 - CONTROL NUMBER
RUCL Control Number 81352
003 - CONTROL NUMBER IDENTIFIER
rucl marc code BD-RjUL
005 - DATE AND TIME OF LATEST TRANSACTION
control field 20230417142644.0
008 - FIXED-LENGTH DATA ELEMENTS--GENERAL INFORMATION
fixed length control field 230417s2015 bg a|||| m||| 00| 0 eng d
035 ## - SYSTEM CONTROL NUMBER
system control number (BD-RjUL)81352
040 ## - CATALOGING SOURCE
Original cataloging agency BD-RjUL
Language of cataloging eng
Transcribing agency BD-RjUL
Modifying agency BD-RjUL
041 ## - LANGUAGE CODE
Language code of Book eng
082 ## - DEWEY DECIMAL CLASSIFICATION NUMBER
DDC Edition number 23
Classification number 572.57
Author mark and Year KHC 2015
100 ## - MAIN ENTRY--PERSONAL NAME
Personal name Khatun, Mahbuba
9 (RLIN) 7351
245 10 - TITLE STATEMENT
Title Comparative studies on fatty acid composition of domestic and hybrid chickens and their effect on blood parameters in experimental rats /
Statement of responsibility, etc By Mahbuba, Khatun ;
Name of Supervisor/Co-Supervisor Supervisor : Mohammad. Amirul Islam
260 ## - PUBLICATION, DISTRIBUTION, ETC. (IMPRINT)
Place of publication, distribution, etc Rajshahi :
Name of publisher, distributor, etc Institute of Biological Sciences, Rajshahi University,
Date of publication, distribution, etc 2015
300 ## - PHYSICAL DESCRIPTION
Pagination [12], 159 leaves :
Other physical details ill, ;
Dimensions 29.cm.
502 ## - DISSERTATION NOTE
Dissertation note Thesis (Ph. D.) -- Institute of Biological Sciences, Rajshahi University, 2015
504 ## - BIBLIOGRAPHY, ETC. NOTE
Bibliography, etc References : Leaves 92 - 104
650 ## - SUBJECT ADDED ENTRY--TOPICAL TERM
Topical term or geographic name as entry element Fatty acids
Form subdivision Biochemistry
9 (RLIN) 7352
700 ## - ADDED ENTRY--SUPERVISOR/CO-SUPERVISOR NAME
Personal name Islam, Mohammad. Amirul, Supervisor
9 (RLIN) 5794
942 ## - ADDED ENTRY ELEMENTS (KOHA)
Source of classification or shelving scheme Dewey Decimal Classification
Koha item type Theses
Holdings
Source of classification or shelving scheme Damaged status Not for loan Collection code Permanent Location Current Location Shelving location Date of accession Source of acquisition Total Checkouts Full call number Barcode Date last seen Copy number Thesis
Dewey Decimal Classification   Not For Loan Theses Central Library, University of Rajshahi Central Library, University of Rajshahi Documentation Section 20/07/2016 Controller of Exam. R.U   THE572.57 KHC 2015 D3912 17/04/2023 C-1 Theses